Les nations les plus victorieuses dans l'histoire du Tour de France - Statistiques

Statistiques générales
  • Ce quiz a été pris 457 fois
  • Le résultat moyen est 25 sur 34
Statistiques - réponses
Hint Réponse % Correct
713 France
100%
491 Belgique
99%
269 Italie
99%
130 Espagne
98%
78 Royaume-Uni
97%
90 Allemagne
94%
20 États-Unis
93%
181 Pays-Bas
93%
15 Slovénie
91%
22 Colombie
87%
26 Danemark
86%
60 Suisse
86%
7 Russie
85%
12 Portugal
84%
3 Canada
83%
19 Norvège
82%
39 Australie
81%
6 Pologne
81%
13 Slovaquie
81%
1 Suède
79%
71 Luxembourg
78%
14 Irlande
76%
5 Autriche
69%
2 Mexique
67%
1 Brésil
60%
3 Tchéquie
59%
4 Ukraine
54%
4 Estonie
51%
2 Afrique du Sud
50%
2 Lettonie
48%
1 Lituanie
48%
6 Kazakhstan
45%
6 Union Soviétique
21%
7 Ouzbékistan
14%
Aucun quiz correspondant
Distribution des résultats
% des personnes avec chaque résultat
Percentile par nombre de réponses
Votre historique - résultats
Vous n’avez pas pris ce quiz